000 00709nam a2200217 i 4500
001 bg
245 0 _aKronika polsko węgierska /
_c[red. Jan Stolarski] ; Federacja Stowarzyszeń Polsko- Węgierskich RP, Rada Główna.
260 _aWarszawa :
_bRada Główna FSPW RP,
_c1996.
300 _a74 s.,[1]k. tabl. :
_bil. ;
_c20 cm.
490 1 _aInformator ;
_v4/96(24)
650 9 _aPolska a Węgry
_xhistoria
650 9 _aWęgry a Polska
_xhistoria
700 1 _aStolarski, Jan.
_eRed.
710 _aFederacja Stowarzyszeń Polsko- Węgiersich RP
_bRada Główna
830 _aInformator ;
040 _cBPK
041 _apl
080 _a94
942 _cKS
008 s pl f |000 0 pol
999 _c35368
_d35368
856 _uhttp://koha.tu.koszalin.pl/cgi-bin/koha/opac-detail.pl?biblionumber=35368
_yKatalog online BPK